00319nam a2200133Ia 4500008004100000041000800041082001300049100001200062245002800074260003300102300000800135365001700143700002500160230718s9999 xx 000 0 und d aeng a325bSMI aSmith P aMathematical Techniques c2002bTechnical Publications a860 cRs.b1145.00 aSmith P & Jordon D W